Statistics for 3 and 4 Letter Trees

Click here to take the quiz!

General Stats

  • This quiz has been taken 14,637 times
    (14,613 since last reset)
  • The average score is 6 of 13

Answer Stats

Tree% Correct
Oak
96%
Pine
70%
Elm
68%
Ash
56%
Fir
54%
Palm
41%
Pear
35%
Yew
35%
Fig
34%
Lime
26%
Plum
23%
Gum
20%
Teak
17%

Score Distribution

Percentile by Number Answered

Percent of People with Each Score

Your Score History

You have not taken this quiz since the last reset